[Event "Asia zt 3.2 (Women)"]
[Site "Dhaka"]
[Date "2023.05.03"]
[Round "2"]
[White "Khan, Nazrana"]
[Black "Sanudula, KM Dahamdi"]
[Result "1-0"]
[WhiteElo "1865"]
[BlackElo "1677"]
[PlyCount "85"]
[EventDate "2023.05.02"]
[EventType "tourn"]
[EventRounds "9"]
[EventCountry "BAN"]
[SourceTitle "CBM 215 Extra"]
[Source "ChessBase"]
[SourceDate "2023.09.30"]
[SourceVersion "1"]
[SourceVersionDate "2023.09.30"]
[SourceQuality "1"]

1. d4 Nf6 2. c4 e6 3. Nc3 Bb4 4. e3 b6 5. Nge2 Bb7 6. a3 Bxc3+ 7. Nxc3 0-0 8. Qc2 d6 9. Bd3 Nc6 10. 0-0 e5 11. d5 Ne7 12. e4 Nd7 13. Be3 Nc5 14. Be2 f5 15. f3 f4 16. Bf2 g5 17. b4 Nd7 18. c5 Nf6 19. Rfc1 Ng6 20. a4 Qe7 21. a5 bxc5 22. bxc5 a6 23. cxd6 cxd6 24. Na4 Rac8 25. Qb2 g4 26. Nb6 Rxc1+ 27. Rxc1 gxf3 28. Bxf3 Rb8 29. Qc3 Qd8 30. h3 Ne8 31. Bg4 Nf8 32. Qf3 Kg7 33. Bf5 Ng6 34. g3 fxg3 35. Qxg3 Nf6 36. Be3 Nh5 37. Qg4 Nf6 38. Qg5 Qe7 39. Qh6+ Kf7 40. Bg5 Qf8 41. Rc7+ Kg8 42. Be6+ Kh8 43. Bxf6+ 1-0

[Event "Dhaka Laila Alam op 13th"]
[Site "Dhaka"]
[Date "2023.02.08"]
[Round "2"]
[White "Jannatul, Priti"]
[Black "Khan, Nazrana"]
[Result "0-1"]
[WhiteElo "1373"]
[BlackElo "1873"]
[PlyCount "130"]
[EventDate "2023.02.07"]
[EventType "swiss"]
[EventRounds "7"]
[EventCountry "BAN"]
[SourceTitle "EXT 2024"]
[Source "ChessBase"]
[SourceDate "2023.10.10"]
[SourceVersion "1"]
[SourceVersionDate "2023.10.10"]
[SourceQuality "1"]

1. d4 d5 2. c4 e6 3. cxd5 exd5 4. Nc3 Nf6 5. Bg5 Be7 6. e3 Nbd7 7. Bd3 c6 8. Nf3 0-0 9. 0-0 Re8 10. Qc2 Nf8 11. Na4 Ne4 12. Bxe7 Qxe7 13. Ne5 g6 14. Bxe4 dxe4 15. Nc5 f6 16. Nc4 Nd7 17. Na5 Nxc5 18. dxc5 Qc7 19. Nc4 Kg7 20. Nd6 Re5 21. Qc3 Qe7 22. f4 exf3 23. Rxf3 Bg4 24. Rg3 Be6 25. Rf1 b6 26. b4 a5 27. a3 axb4 28. axb4 bxc5 29. bxc5 Qa7 30. Rxf6 Qa1+ 31. Qxa1 Rxa1+ 32. Rf1 Rxf1+ 33. Kxf1 Rxc5 34. Rf3 Rc1+ 35. Kf2 Rc2+ 36. Kg3 Rd2 37. Ne4 Re2 38. Nc3 Rc2 39. Ne4 Bd5 40. Rf4 h6 41. Nf2 Re2 42. e4 g5 43. Kf3 Rc2 44. Rf5 Be6 45. Re5 Kf6 46. Ra5 h5 47. h3 Bc4 48. g3 Bf1 49. Ra3 c5 50. Re3 Ke5 51. g4 h4 52. Re1 Rc3+ 53. Re3 Rc1 54. Nd3+ Bxd3 55. Rxd3 c4 56. Rd5+ Kf6 57. Rf5+ Kg6 58. e5 c3 59. Ke2 Rh1 60. e6 c2 61. e7 Re1+ 62. Kxe1 c1Q+ 63. Ke2 Qb2+ 64. Kf1 Qb1+ 65. Kf2 Qe4 0-1

[Event "BAN-ch (Women)"]
[Site "Dhaka"]
[Date "2022.11.26"]
[Round "9"]
[White "Nusrat Jahan, Alo"]
[Black "Khan, Nazrana"]
[Result "1/2-1/2"]
[WhiteElo "1710"]
[BlackElo "1908"]
[PlyCount "117"]
[EventDate "2022.11.17"]
[EventType "tourn"]
[EventRounds "11"]
[EventCountry "BAN"]
[SourceTitle "CBM 211 Extra"]
[Source "ChessBase"]
[SourceDate "2023.01.31"]
[SourceVersion "1"]
[SourceVersionDate "2023.01.31"]
[SourceQuality "1"]

1. d4 d5 2. Bf4 Nf6 3. e3 c5 4. c3 Nc6 5. Nf3 Qb6 6. Qb3 c4 7. Qxb6 axb6 8. Na3 Bf5 9. Nh4 e6 10. Nxf5 exf5 11. Nb5 Ra5 12. a4 Kd7 13. Be2 Be7 14. Bd1 Rha8 15. Rb1 Ne4 16. b4 cxb3 17. Bxb3 Na7 18. Nc7 Rc8 19. Nxd5 Rxd5 20. Bxd5 Nxc3 21. Rxb6 Nxd5 22. Rxb7+ Kd8 23. 0-0 Nxf4 24. Rxa7 Ne6 25. g3 Rc7 26. Ra5 g6 27. Rd1 Kd7 28. Ra6 Rb7 29. Ra5 Nc7 30. g4 fxg4 31. Re5 Ra7 32. d5 Rxa4 33. Rxe7+ Kxe7 34. d6+ Kd7 35. dxc7+ Kxc7 36. Rc1+ Kd7 37. Rc5 h5 38. Kg2 Ra6 39. h3 Ra4 40. Rb5 gxh3+ 41. Kxh3 Rg4 42. f3 Rg1 43. e4 Ke6 44. Kh2 Rd1 45. Kg3 f6 46. f4 Rd3+ 47. Kf2 Ke7 48. e5 fxe5 49. Rxe5+ Kf6 50. Rg5 h4 51. Kg2 h3+ 52. Kh2 Rf3 53. Ra5 Rxf4 54. Kxh3 g5 55. Kg3 Kg6 56. Ra8 Rb4 57. Rg8+ Kf6 58. Rf8+ Kg7 59. Ra8 1/2-1/2

[Event "BAN-chB (Women) 41st"]
[Site "Dhaka"]
[Date "2022.11.07"]
[Round "1"]
[White "Mst Sima, Khatun"]
[Black "Khan, Nazrana"]
[Result "0-1"]
[WhiteElo "1136"]
[BlackElo "1908"]
[PlyCount "62"]
[EventDate "2022.11.07"]
[EventType "swiss"]
[EventRounds "8"]
[EventCountry "BAN"]
[SourceTitle "EXT 2024"]
[Source "ChessBase"]
[SourceDate "2023.10.10"]
[SourceVersion "1"]
[SourceVersionDate "2023.10.10"]
[SourceQuality "1"]

1. e4 c5 2. Nc3 Nc6 3. Nf3 g6 4. Bc4 Bg7 5. Ng5 e6 6. d3 a6 7. Qf3 Nf6 8. 0-0 0-0 9. Be3 d6 10. Rad1 Qc7 11. Bf4 Nh5 12. Be3 Rb8 13. a3 Nd4 14. Qh3 Nxc2 15. g4 Nf6 16. d4 h6 17. Nf3 Nxe3 18. fxe3 cxd4 19. g5 Nh5 20. Rxd4 Bxd4 21. exd4 Qxc4 22. gxh6 Kh7 23. Nd1 e5 24. Qh4 exd4 25. Ng5+ Kxh6 26. Nf2 f6 27. Ng4+ Bxg4 28. Qxg4 fxg5 29. h4 Qxf1+ 30. Kh2 Rf2+ 31. Qg2 Qxg2# 0-1

[Event "Olympiad Women-44"]
[Site "Chennai"]
[Date "2022.08.07"]
[Round "9.4"]
[White "Tiba, Mahdi Attiyah"]
[Black "Khan, Nazrana"]
[Result "0-1"]
[WhiteElo "1759"]
[BlackElo "1829"]
[PlyCount "78"]
[EventDate "2022.07.29"]
[EventType "team-swiss"]
[EventRounds "11"]
[EventCountry "IND"]
[SourceTitle "CBM 210"]
[Source "ChessBase"]
[SourceDate "2022.10.31"]
[SourceVersion "1"]
[SourceVersionDate "2022.10.31"]
[SourceQuality "1"]
[WhiteTeam "Iraq (W)"]
[BlackTeam "Bangladesh (W)"]
[WhiteTeamCountry "IRQ"]
[BlackTeamCountry "BAN"]

1. e4 c5 2. c3 d5 3. exd5 Qxd5 4. d4 Nf6 5. Nf3 e6 6. Na3 cxd4 7. Nb5 Qd8 8. Qxd4 Qxd4 9. Nfxd4 Na6 10. Bf4 Bc5 11. Be2 0-0 12. Bf3 e5 13. Bg3 exd4 14. cxd4 Bb4+ 15. Kd1 Bg4 16. Bxg4 Nxg4 17. a3 Ba5 18. d5 f5 19. h3 Nf6 20. d6 Ne4 21. b4 Bd8 22. Re1 Bf6 23. Rc1 Rad8 24. Rc2 Nb8 25. Bh2 Nc6 26. f3 Ng5 27. Nc7 Nd4 28. Rd2 Rd7 29. h4 Ngxf3 30. gxf3 Nxf3 31. Re8 Rxe8 32. Nxe8 Nxd2 33. Nxf6+ gxf6 34. Kxd2 h5 35. Kc3 Kf7 36. Kc4 Ke6 37. Kc5 Rd8 38. Bf4 Rc8+ 39. Kd4 b5 0-1

[Event "Dhaka Chowdhury Memorial op-A 2nd"]
[Site "Dhaka"]
[Date "2022.07.07"]
[Round "7"]
[White "Khan, Nazrana"]
[Black "Subrota, Biswas"]
[Result "0-1"]
[WhiteElo "1829"]
[BlackElo "2253"]
[PlyCount "29"]
[EventDate "2022.07.02"]
[EventType "swiss"]
[EventRounds "8"]
[EventCountry "BAN"]
[SourceTitle "EXT 2023"]
[Source "ChessBase"]
[SourceDate "2022.10.05"]
[SourceVersion "1"]
[SourceVersionDate "2022.10.05"]
[SourceQuality "1"]

1. d4 Nf6 2. c4 e6 3. Nc3 Bb4 4. e3 0-0 5. Bd3 d5 6. Nf3 dxc4 7. Bxc4 c5 8. 0-0 cxd4 9. exd4 b6 10. a3 Bxc3 11. bxc3 Qc7 12. Qb3 Bb7 13. Be2 Nc6 14. h3 Rac8 15. Bb2 0-1

[Event "Dhaka Chowdhury Memorial op-A 2nd"]
[Site "Dhaka"]
[Date "2022.07.06"]
[Round "5"]
[White "Khan, Nazrana"]
[Black "Md Jamal, Uddin"]
[Result "1/2-1/2"]
[WhiteElo "1829"]
[BlackElo "2081"]
[PlyCount "49"]
[EventDate "2022.07.02"]
[EventType "swiss"]
[EventRounds "8"]
[EventCountry "BAN"]
[SourceTitle "EXT 2023"]
[Source "ChessBase"]
[SourceDate "2022.10.05"]
[SourceVersion "1"]
[SourceVersionDate "2022.10.05"]
[SourceQuality "1"]

1. d4 d5 2. c4 c6 3. Nf3 Nf6 4. Nc3 dxc4 5. a4 Bf5 6. Ne5 e6 7. f3 h6 8. e4 Bh7 9. Bxc4 Nbd7 10. 0-0 Nxe5 11. dxe5 Bc5+ 12. Kh1 Nd7 13. f4 Qh4 14. Qf3 0-0-0 15. Be3 Qe7 16. Rfc1 Kb8 17. a5 g5 18. Na4 Bxe3 19. Qxe3 gxf4 20. Qxf4 Qg5 21. Qxg5 hxg5 22. Kg1 Nxe5 23. Nc5 Rd2 24. b3 Bg6 25. Ra4 1/2-1/2

[Event "Dhaka Chowdhury Memorial op-A 2nd"]
[Site "Dhaka"]
[Date "2022.07.06"]
[Round "6"]
[White "Manon, Reja Neer"]
[Black "Khan, Nazrana"]
[Result "0-1"]
[WhiteElo "2089"]
[BlackElo "1829"]
[PlyCount "78"]
[EventDate "2022.07.02"]
[EventType "swiss"]
[EventRounds "8"]
[EventCountry "BAN"]
[SourceTitle "EXT 2023"]
[Source "ChessBase"]
[SourceDate "2022.10.05"]
[SourceVersion "1"]
[SourceVersionDate "2022.10.05"]
[SourceQuality "1"]

1. e4 c5 2. Nf3 e6 3. d4 cxd4 4. Nxd4 a6 5. c4 d6 6. Nc3 Nf6 7. Be3 Qc7 8. Be2 Nbd7 9. 0-0 b6 10. f4 Bb7 11. Qc2 Rc8 12. Rae1 Be7 13. g4 0-0 14. g5 Ne8 15. Qb1 Qb8 16. Nf3 Bd8 17. h4 g6 18. h5 gxh5 19. f5 d5 20. Kg2 dxe4 21. Nh4 Nd6 22. Qd1 exf5 23. Bf4 Bc7 24. Bxd6 Bxd6 25. Nxf5 Rc6 26. Qd4 Ne5 27. Nd5 Bc5 28. Nde7+ Kh8 29. Nxc6 Bxc6 30. Qc3 Rg8 31. b4 Rxg5+ 32. Kh3 Bf8 33. Qe3 f6 34. Rf2 Nf3 35. Bxf3 exf3 36. Qd3 Qf4 37. Re6 Qg4+ 38. Kh2 Qg1+ 39. Kh3 Qxf2 0-1

[Event "Dhaka Chowdhury Memorial op-A 2nd"]
[Site "Dhaka"]
[Date "2022.07.04"]
[Round "3"]
[White "Khan, Nazrana"]
[Black "Mohammad, Minhaz Uddin"]
[Result "1-0"]
[WhiteElo "1829"]
[BlackElo "2260"]
[PlyCount "59"]
[EventDate "2022.07.02"]
[EventType "swiss"]
[EventRounds "8"]
[EventCountry "BAN"]
[SourceTitle "EXT 2023"]
[Source "ChessBase"]
[SourceDate "2022.10.05"]
[SourceVersion "1"]
[SourceVersionDate "2022.10.05"]
[SourceQuality "1"]

1. d4 Nf6 2. c4 e6 3. Nc3 Bb4 4. e3 0-0 5. Bd3 b6 6. Nge2 Bb7 7. 0-0 Re8 8. e4 e5 9. d5 a5 10. Kh1 Bc5 11. Ng3 d6 12. Qe2 Bc8 13. Bg5 h6 14. Bxf6 Qxf6 15. f4 exf4 16. Nh5 Qg5 17. Nxf4 Nd7 18. Nb5 Qd8 19. Rf3 Ne5 20. Rg3 g6 21. Rf1 Bd7 22. Nh5 Bxb5 23. cxb5 Re7 24. Qd2 Qf8 25. Nf6+ Kg7 26. Qxh6+ Kxh6 27. Rh3+ Kg5 28. Nh7+ Kg4 29. Be2+ Nf3 30. Rhxf3 1-0

[Event "BAN-ch (Women)"]
[Site "Dhaka"]
[Date "2022.01.08"]
[Round "11"]
[White "Khan, Nazrana"]
[Black "Jannatul, Ferdous"]
[Result "1/2-1/2"]
[WhiteElo "1848"]
[BlackElo "1810"]
[PlyCount "105"]
[EventDate "2021.12.29"]
[EventType "swiss"]
[EventRounds "11"]
[EventCountry "BAN"]
[SourceTitle "EXT 2023"]
[Source "ChessBase"]
[SourceDate "2022.10.05"]
[SourceVersion "1"]
[SourceVersionDate "2022.10.05"]
[SourceQuality "1"]

1. d4 d5 2. c4 c6 3. Nf3 Nf6 4. Nc3 e6 5. e3 Nbd7 6. Bd3 dxc4 7. Bxc4 b5 8. Bd3 a6 9. e4 c5 10. d5 c4 11. dxe6 fxe6 12. Bc2 Qc7 13. 0-0 Bc5 14. e5 Nxe5 15. Bf4 Bd6 16. Bxe5 Bxe5 17. Nxe5 Qxe5 18. Re1 Qc7 19. Nd5 Nxd5 20. Qxd5 Ra7 21. Bf5 0-0 22. Bxe6+ Bxe6 23. Qxe6+ Qf7 24. Rad1 Qxe6 25. Rxe6 Kf7 26. Red6 Re8 27. Kf1 Re6 28. Rd7+ Rxd7 29. Rxd7+ Kf6 30. f3 h6 31. h4 h5 32. Kf2 g6 33. g4 hxg4 34. fxg4 Rc6 35. Ke2 c3 36. bxc3 Rxc3 37. Rd6+ Kg7 38. Rxa6 Rh3 39. h5 gxh5 40. gxh5 Rxh5 41. Kd3 Kf7 42. Kc2 Ke7 43. Rc6 Kd7 44. Rc3 Kd6 45. Kb3 Rc5 46. Rh3 Kc6 47. Rh6+ Kb7 48. Kb4 Rg5 49. a3 Rf5 50. Ka5 Rf3 51. Rb6+ Kc7 52. Rxb5 Rxa3+ 53. Kb4 1/2-1/2

[Event "BAN-chT (Women)"]
[Site "Dhaka"]
[Date "2021.09.14"]
[Round "7.4"]
[White "Tasnia Tarannum, Orpa"]
[Black "Khan, Nazrana"]
[Result "1/2-1/2"]
[WhiteElo "1577"]
[BlackElo "1888"]
[PlyCount "88"]
[EventDate "2021.09.08"]
[EventType "team-tourn"]
[EventRounds "9"]
[EventCountry "BAN"]
[SourceTitle "CBM 204 Extra"]
[Source "ChessBase"]
[SourceDate "2021.11.30"]
[SourceVersion "1"]
[SourceVersionDate "2021.11.30"]
[SourceQuality "1"]
[WhiteTeam "Titas CC (W)"]
[BlackTeam "Bangladesh Police (W)"]
[WhiteTeamCountry "BAN"]
[BlackTeamCountry "BAN"]

1. e4 c5 2. Nf3 e6 3. d4 cxd4 4. Nxd4 a6 5. Bd3 Nf6 6. 0-0 Qc7 7. Qe2 d6 8. c4 g6 9. Nc3 Bg7 10. Be3 0-0 11. f4 b6 12. Rac1 Bb7 13. h3 Nbd7 14. b4 Rac8 15. Qf2 Qb8 16. Rfd1 Rfe8 17. Nb3 Ba8 18. c5 dxc5 19. Bxa6 Bb7 20. Bxb7 Qxb7 21. e5 Nd5 22. Nxd5 exd5 23. bxc5 Nxc5 24. Nxc5 bxc5 25. Bxc5 Ra8 26. Rb1 Qd7 27. Rb6 Qa4 28. Rd2 Bh6 29. Rb4 Qa3 30. Rbb2 Qa4 31. Qd4 Qc4 32. Rbc2 Qxd4+ 33. Rxd4 Rec8 34. Rdd2 Bxf4 35. Re2 Re8 36. Bd6 d4 37. Re1 f6 38. Rb1 Bxe5 39. Bxe5 fxe5 40. Rb7 Rac8 41. Rf2 Rf8 42. Rd2 Rf7 43. Rb5 Re7 44. a4 Rc4 1/2-1/2

[Event "Dhaka Bangabandhu op-A"]
[Site "Dhaka"]
[Date "2021.03.16"]
[Round "8"]
[White "Khan, Nazrana"]
[Black "Nusrat Jahan, Alo"]
[Result "1/2-1/2"]
[WhiteElo "1952"]
[BlackElo "1806"]
[PlyCount "104"]
[EventDate "2021.03.09"]
[EventType "swiss"]
[EventRounds "9"]
[EventCountry "BAN"]
[SourceTitle "CBM 201 Extra"]
[Source "ChessBase"]
[SourceDate "2021.05.31"]
[SourceVersion "1"]
[SourceVersionDate "2021.05.31"]
[SourceQuality "1"]

1. d4 e6 2. c4 d5 3. Nc3 Nf6 4. Nf3 c5 5. cxd5 exd5 6. Bg5 Be6 7. e3 Nc6 8. Bb5 a6 9. Bd3 cxd4 10. exd4 Be7 11. 0-0 0-0 12. Rc1 h6 13. Be3 Rc8 14. h3 Bd6 15. Bb1 Bb8 16. Ne2 Qd7 17. Nf4 Bf5 18. Nd3 Ne4 19. Nfe5 Qd6 20. f4 f6 21. Nxc6 Rxc6 22. Rxc6 Qxc6 23. Qf3 Qb5 24. g4 Bg6 25. f5 Bf7 26. Rc1 Re8 27. b3 Ng3 28. Kg2 h5 29. Bf4 Ne2 30. Rc5 Nxf4+ 31. Nxf4 hxg4 32. hxg4 Qb4 33. Ne6 Qd2+ 34. Qf2 Qd1 35. Qc2 Qxg4+ 36. Kf1 Qh3+ 37. Qg2 Qxg2+ 38. Kxg2 Bxe6 39. fxe6 Ba7 40. Rxd5 Rxe6 41. Bg6 Kf8 42. Rd7 f5 43. Bxf5 Re7 44. d5 Rxd7 45. Bxd7 a5 46. Kf3 Ke7 47. Bc8 b5 48. Ke4 Kd6 49. a4 bxa4 50. bxa4 Bb6 51. Bb7 g5 52. Kf5 Be3 1/2-1/2

[Event "Dhaka Bangabandhu op-A"]
[Site "Dhaka"]
[Date "2021.03.15"]
[Round "7"]
[White "Hamid, Rani"]
[Black "Khan, Nazrana"]
[Result "1-0"]
[WhiteElo "1923"]
[BlackElo "1952"]
[PlyCount "47"]
[EventDate "2021.03.09"]
[EventType "swiss"]
[EventRounds "9"]
[EventCountry "BAN"]
[SourceTitle "CBM 201 Extra"]
[Source "ChessBase"]
[SourceDate "2021.05.31"]
[SourceVersion "1"]
[SourceVersionDate "2021.05.31"]
[SourceQuality "1"]

1. e4 c5 2. Nf3 e6 3. d4 cxd4 4. Nxd4 a6 5. Bd3 Nf6 6. 0-0 Nc6 7. Nxc6 dxc6 8. e5 Nd7 9. Qe2 Bc5 10. Nd2 Qc7 11. Re1 b5 12. Nf3 Be7 13. c4 0-0 14. Bg5 Nc5 15. Bc2 b4 16. Bd2 f5 17. exf6 Bxf6 18. Bxb4 Qb6 19. Ba3 Rf7 20. Rad1 g6 21. Ne5 Bxe5 22. Qxe5 Nd7 23. Qg3 Rg7 24. Re2 1-0

[Event "Dhaka Bangabandhu op-A"]
[Site "Dhaka"]
[Date "2021.03.11"]
[Round "3"]
[White "Khan, Nazrana"]
[Black "Jannatul, Ferdous"]
[Result "1-0"]
[WhiteElo "1952"]
[BlackElo "1781"]
[PlyCount "79"]
[EventDate "2021.03.09"]
[EventType "swiss"]
[EventRounds "9"]
[EventCountry "BAN"]
[SourceTitle "CBM 201 Extra"]
[Source "ChessBase"]
[SourceDate "2021.05.31"]
[SourceVersion "1"]
[SourceVersionDate "2021.05.31"]
[SourceQuality "1"]

1. d4 d5 2. c4 e6 3. Nc3 c6 4. Nf3 Nf6 5. e3 Nbd7 6. Bd3 dxc4 7. Bxc4 b5 8. Bd3 a6 9. e4 c5 10. d5 c4 11. Bc2 Bb7 12. dxe6 fxe6 13. 0-0 Qb6 14. e5 Nd5 15. a4 Be7 16. Qe2 0-0 17. Ne4 Nc5 18. Neg5 h6 19. Ne4 Nb4 20. a5 Qc7 21. Nxc5 Bxc5 22. Be4 Bxe4 23. Qxe4 Nd3 24. Qg4 Kh8 25. Qxe6 Qa7 26. h3 Bxf2+ 27. Kh2 Bd4 28. Bxh6 Bxb2 29. Rad1 gxh6 30. Nh4 Nxe5 31. Qxh6+ Kg8 32. Nf5 Rae8 33. Qg5+ Kh8 34. Rf4 Rf7 35. Qh5+ Kg8 36. Nh6+ Kg7 37. Nxf7 Nxf7 38. Qg4+ Kf8 39. Rd7 Qxd7 40. Qxd7 1-0

[Event "Dhaka Borsho op"]
[Site "Dhaka"]
[Date "2021.01.16"]
[Round "9"]
[White "Khan, Nazrana"]
[Black "Md, Sharif Hossain"]
[Result "0-1"]
[WhiteElo "1949"]
[BlackElo "2135"]
[PlyCount "101"]
[EventDate "2021.01.09"]
[EventType "swiss"]
[EventRounds "9"]
[EventCountry "BAN"]
[SourceTitle "CBM 200 Extra"]
[Source "ChessBase"]
[SourceDate "2021.03.31"]
[SourceVersion "1"]
[SourceVersionDate "2021.03.31"]
[SourceQuality "1"]

1. d4 Nf6 2. c4 e6 3. Nc3 Bb4 4. Qc2 0-0 5. a3 Bxc3+ 6. Qxc3 b6 7. Bg5 h6 8. Bh4 d5 9. Nf3 Nbd7 10. cxd5 exd5 11. Qc6 Ba6 12. e3 Qc8 13. Bxf6 Nxf6 14. Ne5 Bxf1 15. Rxf1 Qf5 16. f3 Rae8 17. Rc1 Qh5 18. Kf2 Re6 19. Qxc7 Ne8 20. Qxa7 Nd6 21. Qa4 Qh4+ 22. Kg1 Rxe5 23. Qc6 Re6 24. Qxd5 Ne8 25. Qb3 Qg5 26. e4 Rg6 27. Rc2 Qf4 28. d5 h5 29. Re1 h4 30. Qe3 Qxe3+ 31. Rxe3 Rd6 32. Rec3 f5 33. Rc6 fxe4 34. fxe4 Rdf6 35. Rxf6 Nxf6 36. Rc6 Nxe4 37. Rxb6 Nd2 38. h3 Rf1+ 39. Kh2 Re1 40. Re6 Rb1 41. d6 Nf1+ 42. Kg1 Ng3+ 43. Kf2 Rf1+ 44. Ke3 Re1+ 45. Kd4 Rxe6 46. Kd5 Re2 47. Kc6 Rc2+ 48. Kb7 Rxb2+ 49. Kc7 Rc2+ 50. Kb7 Kf7 51. a4 0-1